[Event "Titled Tuesday intern op 02nd Apr Early"]
[Site "Chess.com INT"]
[Date "2024.04.02"]
[Round "9"]
[White "Nagare, Kaivalya Sandip"]
[Black "Manukian, Artak"]
[Result "0-1"]
[WhiteElo "2074"]
[BlackElo "2196"]
[PlyCount "103"]
[EventDate "2024.04.02"]
[EventType "swiss (blitz)"]
[EventRounds "11"]
[EventCountry "USA"]
[SourceTitle "CB15_2024"]
[SourceDate "2024.04.10"]
[SourceVersion "1"]
[SourceVersionDate "2024.04.10"]
[SourceQuality "1"]

1. e4 c6 2. Ne2 d5 3. e5 c5 4. d4 Nc6 5. c3 a5 6. Nd2 cxd4 7. cxd4 e6 8. Nf3 Bd7 9. Nc3 Rc8 10. Bd3 Nb4 11. Bb1 Nh6 12. 0-0 Be7 13. Bxh6 gxh6 14. Qd2 Bg5 15. Nxg5 hxg5 16. f4 g4 17. f5 exf5 18. Bxf5 Bxf5 19. Rxf5 0-0 20. Raf1 Rc6 21. a3 Na6 22. Rf6 Nc7 23. Qh6 Rxf6 24. exf6 Ne6 25. Rf5 Qb6 26. Ne2 Qxb2 27. Re5 Qb1+ 28. Kf2 Qg6 29. Qxg6+ hxg6 30. Rxd5 Rd8 31. Rxd8+ Nxd8 32. d5 b5 33. Ke3 Nb7 34. Kd4 g5 35. Ng3 Kh7 36. Ne4 Kg6 37. d6 b4 38. axb4 axb4 39. d7 Nd8 40. Ke5 b3 41. Nd2 b2 42. Nb1 Ne6 43. Nc3 Nd8 44. Kd6 Kxf6 45. Ne4+ Kg6 46. Nd2 f5 47. Ke7 Nf7 48. d8Q Nxd8 49. Kxd8 f4 50. Ke7 f3 51. gxf3 gxf3 52. Ke6 0-1

[Event "Titled Tuesday intern op 27th Feb Late"]
[Site "Chess.com INT"]
[Date "2024.02.27"]
[Round "11"]
[White "Nagare, Kaivalya Sandip"]
[Black "Urazayev, Arystanbek"]
[Result "0-1"]
[WhiteElo "2074"]
[BlackElo "2476"]
[PlyCount "106"]
[EventDate "2024.02.27"]
[EventType "swiss (blitz)"]
[EventRounds "11"]
[EventCountry "USA"]
[SourceTitle "CB10_2024"]
[SourceDate "2024.03.06"]
[SourceVersion "1"]
[SourceVersionDate "2024.03.06"]
[SourceQuality "1"]

1. e4 c5 2. Nf3 Nc6 3. d4 cxd4 4. Nxd4 e5 5. Nb5 d6 6. c4 g6 7. N1c3 a6 8. Na3 Be6 9. h4 Bh6 10. Bxh6 Nxh6 11. Qd2 Ng4 12. f3 Nf6 13. Nc2 Nh5 14. 0-0-0 Qb6 15. Qe3 Qc7 16. g4 Ng3 17. Rg1 Nxf1 18. Rgxf1 Bxc4 19. Rf2 0-0-0 20. Rfd2 Kb8 21. Kb1 Be6 22. Nd5 Bxd5 23. Rxd5 Ne7 24. R5d3 Rc8 25. Qd2 Rhd8 26. Ne3 Nc6 27. Nd5 Qa5 28. Qxa5 Nxa5 29. Nf6 h6 30. Rxd6 Rxd6 31. Rxd6 Nc4 32. Rd7 Rc6 33. Ng8 h5 34. g5 Rc7 35. Rd5 Ne3 36. Rxe5 Ng2 37. Re8+ Ka7 38. Ne7 b5 39. Nc8+ Kb7 40. Nd6+ Kc6 41. e5 Nxh4 42. f4 Ng2 43. f5 gxf5 44. Nxf5 Kd5 45. e6 fxe6 46. Ne7+ Kd6 47. Ng8 Rc5 48. g6 Rg5 49. Ne7 Nf4 50. Nc8+ Kd7 51. Rg8 Rxg6 52. Nb6+ Kc6 53. Rxg6 Nxg6 0-1

[Event "Titled Tuesday intern op 12th Dec Early"]
[Site "Chess.com INT"]
[Date "2023.12.12"]
[Round "3"]
[White "Kovalev, Vladislav"]
[Black "Nagare, Kaivalya Sandip"]
[Result "1-0"]
[WhiteElo "2582"]
[BlackElo "2095"]
[PlyCount "63"]
[EventDate "2023.12.12"]
[EventType "swiss (blitz)"]
[EventRounds "11"]
[EventCountry "USA"]
[SourceTitle "CB51_2023"]
[SourceDate "2023.12.20"]
[SourceVersion "1"]
[SourceVersionDate "2023.12.20"]
[SourceQuality "1"]

1. e4 e5 2. Nf3 Nc6 3. Bb5 a6 4. Ba4 Nf6 5. 0-0 b5 6. Bb3 Be7 7. d3 0-0 8. Nc3 d6 9. a3 Bg4 10. Be3 Nd4 11. Bxd4 exd4 12. Nd5 c6 13. Nxf6+ Bxf6 14. h3 Bh5 15. g4 Bg6 16. Nd2 Kh8 17. f4 h6 18. a4 Bh7 19. Qf3 c5 20. Bd5 Rb8 21. axb5 axb5 22. Ra7 Bg8 23. g5 hxg5 24. Qh5+ Bh7 25. Bxf7 Rxf7 26. Qxf7 gxf4 27. Rxf4 Be5 28. Nf3 Bf6 29. Ng5 Qg8 30. Qxg8+ Kxg8 31. Rxf6 gxf6 32. Nxh7 1-0

[Event "Titled Tuesday intern op 14th Nov Early"]
[Site "Chess.com INT"]
[Date "2023.11.14"]
[Round "3"]
[White "Aravindh, Chithambaram VR"]
[Black "Nagare, Kaivalya Sandip"]
[Result "1-0"]
[WhiteElo "2638"]
[BlackElo "2095"]
[PlyCount "43"]
[EventDate "2023.11.14"]
[EventType "swiss (blitz)"]
[EventRounds "11"]
[EventCountry "USA"]
[SourceTitle "CB47_2023"]
[SourceDate "2023.11.22"]
[SourceVersion "1"]
[SourceVersionDate "2023.11.22"]
[SourceQuality "1"]

1. b3 e5 2. Bb2 Nc6 3. c4 Nf6 4. Nf3 Bc5 5. e3 e4 6. Nd4 0-0 7. Nf5 d5 8. cxd5 Qxd5 9. Ng3 Ne5 10. Nc3 Nd3+ 11. Bxd3 Qxd3 12. Rc1 Bd6 13. Na4 Ng4 14. Nc5 Bxc5 15. Rxc5 c6 16. h3 Nh6 17. Ne2 f5 18. 0-0 Qd8 19. Nf4 Qh4 20. d3 g5 21. g3 gxf4 22. gxh4 1-0

[Event "Titled Tuesday intern op 14th Nov Early"]
[Site "Chess.com INT"]
[Date "2023.11.14"]
[Round "11"]
[White "Nagare, Kaivalya Sandip"]
[Black "Erzhanov, Arman"]
[Result "1-0"]
[WhiteElo "2095"]
[BlackElo "2175"]
[PlyCount "159"]
[EventDate "2023.11.14"]
[EventType "swiss (blitz)"]
[EventRounds "11"]
[EventCountry "USA"]
[SourceTitle "CB47_2023"]
[SourceDate "2023.11.22"]
[SourceVersion "1"]
[SourceVersionDate "2023.11.22"]
[SourceQuality "1"]

1. e4 c5 2. Nf3 Nc6 3. Nc3 Nf6 4. d4 cxd4 5. Nxd4 e5 6. Ndb5 h6 7. Nd5 Nxd5 8. exd5 a6 9. Nc3 Nd4 10. Ne4 d6 11. c3 Nf5 12. Bd3 Be7 13. 0-0 0-0 14. Qc2 Nh4 15. f4 f5 16. Ng3 e4 17. Be2 Bd7 18. Be3 Rc8 19. a4 Qa5 20. Rfd1 Bf6 21. Qb3 Qc7 22. a5 g5 23. Nh5 g4 24. Nxf6+ Rxf6 25. Rd4 Rg6 26. Rc4 Qb8 27. Rxc8+ Bxc8 28. c4 Qc7 29. c5 dxc5 30. d6+ Qf7 31. Qxf7+ Kxf7 32. Bxc5 Ke8 33. Kf1 Rf6 34. Rc1 Bd7 35. Bb4 Ng6 36. Rc7 Nxf4 37. Rxb7 Nxe2 38. Kxe2 f4 39. Bc5 e3 40. b4 Bb5+ 41. Rxb5 axb5 42. a6 Kd7 43. a7 Rf8 44. Ke1 Re8 45. Ke2 Kc6 46. h3 h5 47. h4 Rd8 48. g3 fxg3 49. Kxe3 Re8+ 50. Kf4 g2 51. Kg5 Kb7 52. Kf6 Rc8 53. d7 Rxc5 54. a8Q+ Kxa8 55. d8Q+ Kb7 56. Qd7+ Rc7 57. Qxb5+ Kc8 58. Qf5+ Kb7 59. Qb5+ Kc8 60. Qa6+ Kd8 61. Qa1 Rc2 62. Qg1 Rb2 63. Kg5 Rxb4 64. Kxh5 Re4 65. Qxg2 Re5+ 66. Kg6 Re7 67. h5 Ke8 68. h6 Re6+ 69. Kg5 Re7 70. Qa8+ Kf7 71. h7 Re5+ 72. Kf4 Re8 73. Qxe8+ Kxe8 74. h8Q+ Kf7 75. Kxg4 Ke6 76. Qd4 Ke7 77. Kf5 Kf7 78. Qd7+ Kf8 79. Kf6 Kg8 80. Qg7# 1-0

[Event "Titled Tuesday intern op 14th Nov Early"]
[Site "Chess.com INT"]
[Date "2023.11.14"]
[Round "2"]
[White "Nagare, Kaivalya Sandip"]
[Black "Matveeva, Olga"]
[Result "1-0"]
[WhiteElo "2095"]
[BlackElo "2156"]
[PlyCount "119"]
[EventDate "2023.11.14"]
[EventType "swiss (blitz)"]
[EventRounds "11"]
[EventCountry "USA"]
[SourceTitle "CB47_2023"]
[SourceDate "2023.11.22"]
[SourceVersion "1"]
[SourceVersionDate "2023.11.22"]
[SourceQuality "1"]

1. e4 c6 2. d4 d5 3. Nc3 dxe4 4. Nxe4 Nf6 5. Nxf6+ exf6 6. Bc4 Bd6 7. Nf3 0-0 8. 0-0 Re8 9. h3 Nd7 10. c3 Nf8 11. a4 Bf5 12. Qb3 Qc7 13. Be3 Re7 14. Qd1 Rae8 15. Nh4 Be4 16. Bd3 Bh2+ 17. Kh1 Bf4 18. Bxe4 Rxe4 19. Nf5 Ng6 20. Qf3 Bxe3 21. fxe3 Nh4 22. Nxh4 Rxh4 23. Rae1 Rhe4 24. Re2 Qa5 25. Qg3 Qh5 26. Rf3 f5 27. Qc7 R4e7 28. Qf4 g6 29. Kh2 Re4 30. Qc7 R4e7 31. Qg3 Re4 32. Ref2 Kh8 33. Qc7 R4e7 34. Qd6 Kg7 35. d5 cxd5 36. Qxd5 Qh4 37. Qd4+ Qf6 38. Qxa7 Qd6+ 39. g3 b5 40. Qd4+ Qxd4 41. exd4 bxa4 42. d5 Kf6 43. c4 Ke5 44. Kg2 Kd4 45. Rc3 Kc5 46. Ra3 Kxc4 47. Rxa4+ Kxd5 48. Ra5+ Kc4 49. Ra6 Re2 50. Rc6+ Kd5 51. Rc7 Rxf2+ 52. Kxf2 Ke6 53. b4 Ra8 54. Ke3 Ra2 55. b5 Rb2 56. Rb7 h5 57. Kf4 Kf6 58. h4 Rb4+ 59. Kf3 Ke6 60. b6 1-0

[Event "Titled Tuesday intern op 26th Sep Early"]
[Site "Chess.com INT"]
[Date "2023.09.26"]
[Round "7"]
[White "Popov, Konstantin"]
[Black "Nagare, Kaivalya Sandip"]
[Result "1-0"]
[WhiteElo "2345"]
[BlackElo "2095"]
[PlyCount "79"]
[EventDate "2023.09.26"]
[EventType "swiss (blitz)"]
[EventRounds "11"]
[EventCountry "USA"]
[SourceTitle "EXT 2024"]
[Source "ChessBase"]
[SourceDate "2023.10.10"]
[SourceVersion "1"]
[SourceVersionDate "2023.10.10"]
[SourceQuality "1"]

1. e4 c5 2. Nf3 d6 3. d4 cxd4 4. Nxd4 Nf6 5. Nc3 a6 6. h3 e5 7. Nde2 h5 8. Bg5 Be6 9. Nc1 Nbd7 10. Be2 Be7 11. Nb3 b5 12. a4 b4 13. Nd5 Bxd5 14. exd5 Ne4 15. Be3 Bg5 16. Qd3 f5 17. 0-0 g6 18. a5 0-0 19. Ra4 Bxe3 20. Qxe3 Rb8 21. Raa1 Nec5 22. Nd2 Qf6 23. Nc4 f4 24. Qd2 e4 25. Rfe1 Rbe8 26. Bf1 Ne5 27. Qxb4 e3 28. f3 Qh4 29. Nxd6 Qg3 30. Kh1 g5 31. Qxc5 g4 32. Ne4 Qh4 33. Qd6 gxf3 34. gxf3 Nxf3 35. Qg6+ Kh8 36. Re2 Re5 37. Qh6+ Kg8 38. Rg2+ Ng5 39. Rxg5+ Rxg5 40. Qxg5+ 1-0

[Event "Titled Tuesday intern op 19th Sep Early"]
[Site "Chess.com INT"]
[Date "2023.09.19"]
[Round "10"]
[White "Martinez Ramirez, Lennis"]
[Black "Nagare, Kaivalya Sandip"]
[Result "0-1"]
[WhiteElo "2464"]
[BlackElo "2095"]
[PlyCount "114"]
[EventDate "2023.09.19"]
[EventType "swiss (blitz)"]
[EventRounds "11"]
[EventCountry "USA"]
[SourceTitle "EXT 2024"]
[Source "ChessBase"]
[SourceDate "2023.10.10"]
[SourceVersion "1"]
[SourceVersionDate "2023.10.10"]
[SourceQuality "1"]

1. Nf3 Nf6 2. d4 g6 3. c4 Bg7 4. Nc3 d6 5. e4 0-0 6. h3 e5 7. d5 a5 8. Bd3 Na6 9. g4 Nc5 10. Bc2 h5 11. Bg5 hxg4 12. hxg4 Bxg4 13. Qe2 Qd7 14. 0-0-0 Nh5 15. Rdg1 f6 16. Be3 f5 17. Rxg4 fxg4 18. Nh4 Rf6 19. Rg1 Raf8 20. Nd1 Nf4 21. Qxg4 Qxg4 22. Rxg4 Kh7 23. Kd2 Bh6 24. b3 Nh3 25. Ke2 Bxe3 26. fxe3 Nf2 27. Rg2 Nxd1 28. Kxd1 Rf2 29. Nxg6 Rxg2 30. Nxf8+ Kg7 31. Ne6+ Nxe6 32. dxe6 Kf6 33. Kc1 Kxe6 34. Kb2 Kf6 35. Kc3 Kg5 36. a3 Kg4 37. b4 axb4+ 38. axb4 Kf3 39. Kd3 Kf2 40. Ba4 Rg3 41. Bd7 Rxe3+ 42. Kd2 Rxe4 43. Kc3 Rd4 44. Bc8 c5 45. Bxb7 cxb4+ 46. Kxb4 e4 47. Kc3 e3 48. Kxd4 e2 49. Kd5 e1Q 50. Kxd6 Qb4+ 51. Kc7 Qxc4+ 52. Bc6 Ke3 53. Kd6 Kd4 54. Bd7 Qd5+ 55. Ke7 Ke5 56. Kd8 Kd6 57. Kc8 Qa8# 0-1

[Event "Titled Tuesday intern op 12th Sep Early"]
[Site "Chess.com INT"]
[Date "2023.09.12"]
[Round "7"]
[White "Nagare, Kaivalya Sandip"]
[Black "Jaskolka, Tomasz"]
[Result "1/2-1/2"]
[WhiteElo "2095"]
[BlackElo "2228"]
[PlyCount "146"]
[EventDate "2023.09.12"]
[EventType "swiss (blitz)"]
[EventRounds "11"]
[EventCountry "USA"]
[SourceTitle "EXT 2024"]
[Source "ChessBase"]
[SourceDate "2023.10.10"]
[SourceVersion "1"]
[SourceVersionDate "2023.10.10"]
[SourceQuality "1"]

1. e4 c5 2. Nf3 e6 3. d4 cxd4 4. Nxd4 Nc6 5. Nc3 Qc7 6. Be3 a6 7. a3 b5 8. Nxc6 Qxc6 9. Be2 Bb7 10. 0-0 Nf6 11. f3 Bc5 12. Qd2 d5 13. exd5 Bxe3+ 14. Qxe3 Nxd5 15. Nxd5 Qxd5 16. Rad1 Qc6 17. c3 0-0 18. Bd3 Rad8 19. Rf2 Qc7 20. Rfd2 g6 21. Bf1 Bd5 22. Rd4 Rd7 23. Qh6 Rfd8 24. Rh4 f6 25. Rhd4 Bc4 26. Bxc4 bxc4 27. Qe3 e5 28. Rxd7 Rxd7 29. Rxd7 Qxd7 30. h3 Kg7 31. Qc5 Qd1+ 32. Kh2 Qd2 33. Qe7+ Kh6 34. Qxf6 Qxb2 35. h4 Qxa3 36. Qg5+ Kg7 37. Qxe5+ Kf7 38. Qd5+ Kf6 39. Qxc4 a5 40. Qd4+ Kf7 41. Qd7+ Kf6 42. c4 a4 43. Qd4+ Ke7 44. c5 Qb3 45. Qd6+ Kf7 46. c6 Qe6 47. Qf4+ Kg7 48. Qxa4 Qe5+ 49. Kh3 Qe6+ 50. Kg3 Qe5+ 51. Kf2 Qc5+ 52. Kg3 Qe5+ 53. Qf4 Qe1+ 54. Kh3 Qe6+ 55. Kg3 Qxc6 56. Qe5+ Kf7 57. Qh8 Qc7+ 58. Kh3 Qd7+ 59. g4 Ke6 60. Qg8+ Ke5 61. Qc4 Kf6 62. Qf4+ Kg7 63. Qe5+ Kf7 64. Kg3 Qd1 65. Qc7+ Kf6 66. g5+ Ke6 67. Qc6+ Ke7 68. Qc7+ Ke6 69. Qc4+ Ke7 70. Qe4+ Kf7 71. Qb7+ Ke6 72. Qc6+ Kf7 73. Qc7+ Ke6 1/2-1/2

[Event "Titled Tuesday intern op 05th Sep Early"]
[Site "Chess.com INT"]
[Date "2023.09.05"]
[Round "10"]
[White "Nagare, Kaivalya Sandip"]
[Black "Gharibyan, Mamikon"]
[Result "1/2-1/2"]
[WhiteElo "2095"]
[BlackElo "2495"]
[PlyCount "131"]
[EventDate "2023.09.05"]
[EventType "swiss (blitz)"]
[EventRounds "11"]
[EventCountry "USA"]
[SourceTitle "EXT 2024"]
[Source "ChessBase"]
[SourceDate "2023.10.10"]
[SourceVersion "1"]
[SourceVersionDate "2023.10.10"]
[SourceQuality "1"]

1. e4 e5 2. Nf3 Nc6 3. Bb5 a6 4. Ba4 Nf6 5. d3 b5 6. Bb3 Bc5 7. c3 d6 8. d4 Bb6 9. 0-0 h6 10. h3 0-0 11. Re1 Re8 12. d5 Ne7 13. Nbd2 c6 14. dxc6 Nxc6 15. Nf1 Na5 16. Bc2 Be6 17. Ne3 Qc7 18. Nh4 Bxe3 19. Bxe3 Nc4 20. Bc1 Rad8 21. Qf3 Qe7 22. Nf5 Bxf5 23. Qxf5 Qe6 24. Qxe6 fxe6 25. b3 Nb6 26. Be3 Rb8 27. Rad1 d5 28. f4 Nxe4 29. Bxe4 dxe4 30. Bxb6 Rxb6 31. fxe5 Rc6 32. Rxe4 Rxc3 33. Rd7 Rec8 34. Rg4 g5 35. Re7 R3c6 36. Rd4 h5 37. Rdd7 Rc1+ 38. Kh2 h4 39. Rg7+ Kf8 40. Rh7 Kg8 41. Rdg7+ Kf8 42. Rxg5 R8c2 43. Rxh4 Rxa2 44. Rf4+ Ke8 45. h4 a5 46. h5 a4 47. h6 Raa1 48. bxa4 bxa4 49. Rg8+ Kd7 50. Rg7+ Kc6 51. h7 Rh1+ 52. Kg3 Ra3+ 53. Rf3 Rxf3+ 54. gxf3 Kd5 55. Kf4 a3 56. Rd7+ Kc5 57. Ra7 Kb4 58. Kg5 Kb3 59. f4 a2 60. f5 exf5 61. Rxa2 Kxa2 62. Kxf5 Rxh7 63. e6 Kb3 64. Kf6 Kc4 65. e7 Rxe7 66. Kxe7 1/2-1/2

[Event "Titled Tuesday intern op 05th Sep Early"]
[Site "Chess.com INT"]
[Date "2023.09.05"]
[Round "8"]
[White "Nagare, Kaivalya Sandip"]
[Black "Reprintsev, Alexander"]
[Result "1-0"]
[WhiteElo "2095"]
[BlackElo "2227"]
[PlyCount "45"]
[EventDate "2023.09.05"]
[EventType "swiss (blitz)"]
[EventRounds "11"]
[EventCountry "USA"]
[SourceTitle "EXT 2024"]
[Source "ChessBase"]
[SourceDate "2023.10.10"]
[SourceVersion "1"]
[SourceVersionDate "2023.10.10"]
[SourceQuality "1"]

1. e4 d5 2. exd5 Qxd5 3. Nc3 Qd6 4. d4 c6 5. Nf3 Bf5 6. Bc4 e6 7. 0-0 Nd7 8. Qe2 h5 9. Ne4 Qc7 10. Re1 h4 11. Neg5 Be7 12. c3 Ngf6 13. h3 Nd5 14. Bd3 g6 15. Bxf5 gxf5 16. Nxf7 Kxf7 17. Qxe6+ Ke8 18. c4 Nf8 19. Qxf5 Qd7 20. Qxd7+ Nxd7 21. cxd5 cxd5 22. Bg5 Rh7 23. Bxh4 1-0

[Event "Titled Tuesday intern op 05th Sep Early"]
[Site "Chess.com INT"]
[Date "2023.09.05"]
[Round "9"]
[White "Seletsky, Grigory"]
[Black "Nagare, Kaivalya Sandip"]
[Result "0-1"]
[WhiteElo "2220"]
[BlackElo "2095"]
[PlyCount "108"]
[EventDate "2023.09.05"]
[EventType "swiss (blitz)"]
[EventRounds "11"]
[EventCountry "USA"]
[SourceTitle "EXT 2024"]
[Source "ChessBase"]
[SourceDate "2023.10.10"]
[SourceVersion "1"]
[SourceVersionDate "2023.10.10"]
[SourceQuality "1"]

1. d4 Nf6 2. Nf3 g6 3. Bg5 Bg7 4. Nbd2 0-0 5. c3 d6 6. e4 Nbd7 7. h3 h6 8. Bh4 e5 9. dxe5 Nxe5 10. Nxe5 dxe5 11. Be2 Qe7 12. 0-0 c6 13. a4 Be6 14. Qc2 g5 15. Bg3 Nd7 16. Bc4 Rfe8 17. Rfd1 Rad8 18. b4 Nf8 19. Bxe6 Qxe6 20. Nf1 Ng6 21. Ne3 Nf4 22. f3 Bf8 23. Bf2 h5 24. Nf5 g4 25. fxg4 hxg4 26. h4 Qc4 27. Ne3 Qxc3 28. Qxc3 Ne2+ 29. Kf1 Nxc3 30. Nxg4 Rxd1+ 31. Rxd1 Nxd1 32. Nf6+ Kh8 33. Nxe8 Nxf2 34. Kxf2 Bxb4 35. g4 a5 36. g5 b5 37. Ke2 bxa4 38. Kd3 c5 39. Nd6 a3 40. Kc2 Kg7 41. h5 Bd2 42. g6 fxg6 43. hxg6 Kxg6 44. Nc4 Bb4 45. Nxe5+ Kg5 46. Nc4 Kf4 47. e5 Kf5 48. Kb3 Ke6 49. Kc2 Kd5 50. e6 Kxe6 51. Kb3 Kd5 52. Nb6+ Kd4 53. Ka2 c4 54. Na4 c3 0-1